| 000 | 00349nam a22001337a 4500 | ||
|---|---|---|---|
| 008 | 170712b xxu||||| |||| 00| 0 eng d | ||
| 020 | _a090129023950 | ||
| 041 | _aeng | ||
| 080 | _a038 | ||
| 100 | _a23 | ||
| 101 | _aFJA | ||
| 245 |
_aWEBSTER'S AMERICAN COLLEGE DICTIONARY _cAUTHORITATIVE RANDOM HOUSE LIVING DICTIONARY DATABASE |
||
| 942 |
_2udc _cBK |
||
| 999 |
_c20272 _d20272 |
||